000 00711nas a2200241 4500
001 BR9505266
003 BR-BrBNA
005 20231205094200.0
007 ta
008 230509b bl.|||p| |||| 00| 00por d
040 _aBR-BrBNA
_bpor
_cBiblioteca Nacional de Agricultura
041 _a(Pt)
072 _aL50
100 1 _aSilva, R.D. de M. e
245 1 _aO controle hormonal do metabolismo do calcio em aves
650 _aAve Domestica
650 _aFisiologia Animal
650 _aControle Hormonal
650 _aMetabolismo Animal
773 0 _tZootecnia (Brazil)
_xISSN 0044-5320
_g(Jul-Sep 1968), v. 6(3) p. 25-37
_wBR9505266
909 _a202311
_bLúcia
_c55
_dLúcia Elande
942 _2AGRIS
_n0
_cANA
999 _c142618
_d142618